000 00615nam a2200193 a 4500
001 000581675
003 AM-YEHGA
005 20250618075404.0
008 051027s1961 ru a||||r|||||||||1|rus|d
040 _aAM-YeHGA
041 0 _arus
100 1 _aԱդամյան, Նորա Գևորգի,
_d1910-1992
_9958
245 1 0 _aУ синих гор :
_bПовести и рассказы /
_cН.Г. Адамян.
260 _aМосква :
_bСоветский писатель,
_c1961.
300 _a400 с. :
_bил. ;
_c21 см.
650 1 4 _aՀայ գրականություն
942 _2udc
_cBK
090 _c462376
999 _c459306
_d459306